Missing Word: 'An' Movie Starters Quiz Stats

 Plays Quiz Updated Apr 26, 2019

Score 0/18 Timer 03:00
93 Plays Today
Hint Word % Correct
Annie Get Your _____Gun
92.4%
Any _____ SundayGiven
90.8%
Anger _____Management
90.4%
And Then There Were _____None
88.9%
An American _____ in LondonWerewolf
87.6%
Any _____ Way You CanWhich
86.9%
Annie _____Hall
85.1%
Anchorman: The Legend of Ron _____Burgundy
81.7%
Angela's _____Ashes
77.7%
Hint Word % Correct
Anna and the _____King
72.5%
An _____ to RememberAffair
71.1%
Anatomy of a _____Murder
70.2%
Angels in the _____Outfield
68.9%
Ant-Man and the _____Wasp
63.3%
Anchors _____Aweigh
60.6%
... And _____ for AllJustice
60.3%
Angels with _____ FacesDirty
53.8%
Antwone _____Fisher
41.8%

Today's Daily Dose

Word Ladder
Lean on Me

Get the Picture
Superhero by Villain

You're not logged in!

Compare scores with friends on all Sporcle quizzes.
OR
Log In

Sporcle TV

Today on Sporcle TV


Watch our educational content, quiz creation guides, and fun videos on Sporcle TV.

Show Comments

Extras

Top Quizzes Today


Score Distribution

Your Account Isn't Verified!

In order to create a playlist on Sporcle, you need to verify the email address you used during registration. Go to your Sporcle Settings to finish the process.

Report this User

Report this user for behavior that violates our Community Guidelines.

Details: